Africa by Capital Quiz Stats

 Plays Quiz Updated Apr 18, 2019

Score 0/54 Timer 08:00
29 Plays Today
Capital Country % Correct
CairoEgypt
94%
AlgiersAlgeria
91.6%
TunisTunisia
90.9%
DjiboutiDjibouti
90.2%
NairobiKenya
89.9%
PretoriaSouth Africa
86.6%
TripoliLibya
85.9%
BissauGuinea-Bissau
84.5%
Addis AbabaEthiopia
84.4%
São ToméSão Tomé and Príncipe
81.7%
RabatMorocco
79.9%
KhartoumSudan
78%
MogadishuSomalia
77.1%
AccraGhana
72.4%
DakarSenegal
71.8%
FreetownSierra Leone
70.4%
HarareZimbabwe
70.3%
WindhoekNamibia
69.7%
KinshasaDemocratic Republic of the Congo
67.7%
AntananarivoMadagascar
67.3%
MonroviaLiberia
66.7%
DodomaTanzania
65.6%
BrazzavilleRepublic of the Congo
65.2%
KampalaUganda
64.8%
OuagadougouBurkina Faso
64.3%
AbujaNigeria
62.8%
KigaliRwanda
61.7%
Capital Country % Correct
N'DjamenaChad
60.3%
LuandaAngola
60.2%
LoméTogo
59.9%
VictoriaSeychelles
59.5%
NiameyNiger
57%
YaoundeCameroon
55.1%
LilongweMalawi
55%
ConakryGuinea
54.5%
Port LouisMauritius
54.3%
Porto NovoBenin
54.1%
GaboroneBotswana
53.8%
MaputoMozambique
53.5%
LibrevilleGabon
53.2%
AsmaraEritrea
53.2%
YamoussoukroCôte d'Ivoire
53%
GitegaBurundi
52.4%
BamakoMali
51.7%
LusakaZambia
51.2%
PraiaCabo Verde
50.8%
NouakchottMauritania
50%
MbabaneeSwatini
50%
MoroniComoros
47.7%
BanguiCentral African Republic
47%
MaseruLesotho
45.6%
BanjulThe Gambia
44.8%
MalaboEquatorial Guinea
39.2%
JubaSouth Sudan
37.2%

You're not logged in!

Compare scores with friends on all Sporcle quizzes.
OR
Log In

Sporcle TV

Today on Sporcle TV


Watch our educational content, quiz creation guides, and fun videos on Sporcle TV.

Show Comments

Extras

Top Quizzes Today


Score Distribution

Your Account Isn't Verified!

In order to create a playlist on Sporcle, you need to verify the email address you used during registration. Go to your Sporcle Settings to finish the process.

Report this User

Report this user for behavior that violates our Community Guidelines.

Details: